00775nam a2200193Ia 4500008004100000020001400041020001800055041001300073050002400086100002800110245010500138260006600243300002300309650003700332650004700369700002400416952012400440999001700564210416s9999||||xx |||||||||||||| ||und|| a268016801 a9780268016807 aenghlat aBX1749 b.T454 1975 aAquinas, Thomas, St.  0aSumma contra gentiles 2:bbook two: Creation/cSaint Thomas Aquinas; translated by James E. Anderson aNotre Dame, London : bUniversity of Notre Dame Press, c1975 a351 p.b; c21 cm. aApologetics Early works to 1800. aApologetics History Middle Ages, 600-1500. aAnderson, James E.  00104070aGETSbGETScGENd2021-04-16g24.50l0oBX1749 .T454 1975 v.2p00025861r2021-04-16 00:00:00w2021-04-16yBK c37971d37971